1966-67 list of accredited schools in landscape architecture /

Saved in:
Bibliographic Details
Corporate Author: American Society of Landscape Architects. Committee on Education.
Format: Book
Language:English
Published: Eugene, Or. : The Committee, 1966.
Subjects:
Tags: Add Tag
No Tags, Be the first to tag this record!
LEADER 00654nam a22001697u 4500
001 000000341-7
005 20020606090541.3
008 830127|1966 ||||||| |||| |0||||eng|d
035 0 |a ocm84938395 
245 0 0 |a 1966-67 list of accredited schools in landscape architecture /  |c issued by the Committee on Education, American Society of Landscape Architects. 
260 0 |a Eugene, Or. :  |b The Committee,  |c 1966. 
300 |a [1] p. ;  |c 28 cm. 
650 0 |a Landscape architecture  |x Study and teaching. 
650 0 |a Landscape architecture  |x Vocational guidance. 
710 2 |a American Society of Landscape Architects.  |b Committee on Education. 
988 |a 20020608 
906 |0 MH